书目信息 |
| 题名: |
藻类固炭
|
|
| 作者: | 高坤山 主编 | |
| 分册: | ||
| 出版信息: | 北京 科学出版社 2014 |
|
| 页数: | 12,483页 | |
| 开本: | 26cm | |
| 丛书名: | ||
| 单 册: | ||
| 中图分类: | TQ12 | |
| 科图分类: | ||
| 主题词: | 藻类--应用--碳--保藏--研究 , 藻类 , 保藏 , 碳 | |
| 电子资源: | ||
| ISBN: | 978-7-03-038888-9 | |
| 000 | 01004nam0 2200265 450 | |
| 001 | 142569 | |
| 005 | 20141222124925.89 | |
| 010 | @a978-7-03-038888-9@b精装@dCNY 148.00 | |
| 100 | @a20131218d2014 em y0chiy50 ea | |
| 101 | 0 | @achi@eeng |
| 102 | @aCN@b110000 | |
| 105 | @aa z 001yy | |
| 200 | 1 | @a藻类固炭@9zao lei gu tan@b专著@dAlgal carbon fixation@e理论、进展与方法@ebasis,advances and methods@f高坤山主编@zeng |
| 210 | @a北京@c科学出版社@d2014 | |
| 215 | @a12,483页@c图,照片@d26cm | |
| 330 | @a本书在介绍藻类关键类群、初级生产力(海洋)、光合过程等基础知识与理论的基础上,概述了典型藻类的固碳机制,解述了藻类固碳与环境变化的关系,并介绍了藻类培养、光合作用、固碳机制及其相关生化方面的研究方法。 | |
| 510 | 1 | @aAlgal carbon fixation@ebasis, advances and methods@zeng |
| 606 | 0 | @a藻类@x应用@x碳@x保藏@x研究 |
| 606 | 0 | @a藻类 |
| 606 | 0 | @a保藏 |
| 606 | 0 | @a碳 |
| 690 | @aTQ12@v5 | |
| 701 | 0 | @a高坤山@9gao kun shan@f(1958 )@4主编 |
| 801 | 0 | @c20141222 |
| 905 | @a241430@dTQ12@eG140 | |
| 藻类固炭=Algal carbon fixation:理论、进展与方法:basis,advances and methods/高坤山主编.-北京:科学出版社,2014 |
| 12,483页:图,照片;26cm |
| ISBN 978-7-03-038888-9(精装):CNY 148.00 |
| 本书在介绍藻类关键类群、初级生产力(海洋)、光合过程等基础知识与理论的基础上,概述了典型藻类的固碳机制,解述了藻类固碳与环境变化的关系,并介绍了藻类培养、光合作用、固碳机制及其相关生化方面的研究方法。 |
| ● |
| 相关链接 |
|
|
|
正题名:藻类固炭
索取号:TQ12/G140
 
预约/预借
| 序号 | 登录号 | 条形码 | 馆藏地/架位号 | 状态 | 备注 |
| 1 | 1135266 | 211352668 | 自科库501/501自科库 139排5列4层/ [索取号:TQ12/G140] | 在馆 |